000 00808nam a2200229 a 4500
001 000008949
005 20260305073955.0
008 880705s1987 ve b f001 0bspa
020 _a9802657247
040 _aDO-SdBNP
_bspa
_cBNPHU
050 0 0 _aF2235.3
_b.M65 1987
082 _a980/.02/0924
_bM636L
100 1 _aMijares, Augusto,
_d1897-
_923537
245 1 3 _aEl Libertador /
_cAugusto Mijares ; prólogo, Armando Rojas.
260 _aCaracas :
_bAcademia Nacional de la Historia,
_c1987.
300 _axix, 586 p. ;
_c20 cm.
600 1 0 _aBolívar, Simón,
_d1783-1830
_9253
651 0 _aSouth America
_xHistory
_yWars of Independence, 1806-1830.
_923538
650 0 _aHeads of state
_zSouth America
_xBiography.
_923539
700 1 _aRojas, Armando,
_epról.
_94541
910 _aCatalogación original noche
999 _c8714
_d8714